000 00663cam a2200217 a 4500
001 4386109
005 20180316044014.0
008 910613s1991 nyua b 000 0 eng
010 _a 91161963
040 _aDLC
_cDLC
_dDLC
041 _aeng
080 _a808.042
082 0 0 _a808.042 COO
_220
100 1 _a25
101 _aEDU
245 1 2 _aA guide for evaluating student writing :
_cCharles R. Cooper.
504 _aIncludes bibliographical references.
906 _a7
_bcbc
_corignew
_d3
_encip
_f19
_gy-gencatlg
942 _2ddc
_cBK
999 _c45210
_d45210